<?xml version="1.0" encoding="UTF-8"?>
<record
    xmlns:xsi="http://www.w3.org/2001/XMLSchema-instance"
    xsi:schemaLocation="http://www.loc.gov/MARC21/slim http://www.loc.gov/standards/marcxml/schema/MARC21slim.xsd"
    xmlns="http://www.loc.gov/MARC21/slim">

  <leader>02125cam a22002658i 4500</leader>
  <controlfield tag="001">23607666</controlfield>
  <controlfield tag="005">20250521134110.0</controlfield>
  <controlfield tag="008">240314s2024    enk      b    001 0 eng  </controlfield>
  <datafield tag="010" ind1=" " ind2=" ">
    <subfield code="a">  2024009756</subfield>
  </datafield>
  <datafield tag="020" ind1=" " ind2=" ">
    <subfield code="a">9781804290002</subfield>
  </datafield>
  <datafield tag="040" ind1=" " ind2=" ">
    <subfield code="a">DLC</subfield>
    <subfield code="b">eng</subfield>
    <subfield code="e">rda</subfield>
    <subfield code="c">DLC</subfield>
    <subfield code="d">DLC</subfield>
  </datafield>
  <datafield tag="041" ind1=" " ind2=" ">
    <subfield code="a">eng</subfield>
  </datafield>
  <datafield tag="042" ind1=" " ind2=" ">
    <subfield code="a">pcc</subfield>
  </datafield>
  <datafield tag="050" ind1="0" ind2="0">
    <subfield code="a">TK9152.16</subfield>
    <subfield code="b">.R36 2024</subfield>
  </datafield>
  <datafield tag="100" ind1=" " ind2=" ">
    <subfield code="a">Ramana, M. V.</subfield>
    <subfield code="d">1966-</subfield>
    <subfield code="e">author</subfield>
    <subfield code="9">25286</subfield>
  </datafield>
  <datafield tag="245" ind1="1" ind2="0">
    <subfield code="a">Nuclear is not the solution</subfield>
    <subfield code="b">: the folly of atomic power in the age of climate change</subfield>
    <subfield code="c">/ M. V. Ramana.</subfield>
  </datafield>
  <datafield tag="260" ind1=" " ind2=" ">
    <subfield code="a">London ;</subfield>
    <subfield code="a">New York, NY :</subfield>
    <subfield code="b">Verso,</subfield>
    <subfield code="c">2024.</subfield>
  </datafield>
  <datafield tag="300" ind1=" " ind2=" ">
    <subfield code="a">viii, 264 pages ;</subfield>
    <subfield code="c">22 cm</subfield>
  </datafield>
  <datafield tag="504" ind1=" " ind2=" ">
    <subfield code="a">Includes bibliographical references and index.</subfield>
  </datafield>
  <datafield tag="520" ind1=" " ind2=" ">
    <subfield code="a">THE CLIMATE CRISIS has propelled nuclear energy back into fashion. Its proponents argue we already have the technology of the future and that it only needs perfection and deployment. Nuclear Is Not the Solution demonstrates why this sort of thinking is not only na&#xEF;ve but dangerous.

Even beyond the horrific implications of meltdown and the intractable problem of waste disposal, nuclear is not practicable on such a large scale. Any appraisal of future energy technology depends on two important parameters: cost and time. Nuclear fails on both counts. It is more costly than its renewable competitors wind and solar. And, importantly given the need for rapid transformation, it is slow. A plant takes a decade to come online. If you include permits and fundraising, this adds another decade. And we should not forget the deep roots it has in the defense industry.

M. V. Ramana&#x2019;s powerful book destroys any illusion that nuclear is our answer to climage change, untangling technical arguments into simple and sensible language. Importantly, Nuclear Is Not the Solution also unmasks the powerful groups with vested interests in the maintenance of the status quo, currently working hard to greenwash a spectacularly dirty industry.</subfield>
  </datafield>
  <datafield tag="650" ind1=" " ind2="0">
    <subfield code="a">Nuclear power plants</subfield>
    <subfield code="x">Risk assessment</subfield>
    <subfield code="9">25287</subfield>
  </datafield>
  <datafield tag="650" ind1=" " ind2="0">
    <subfield code="a">Nuclear energy</subfield>
    <subfield code="x">Government policy</subfield>
    <subfield code="9">25288</subfield>
  </datafield>
  <datafield tag="650" ind1=" " ind2="0">
    <subfield code="a">Climate change mitigation</subfield>
    <subfield code="x">Government policy</subfield>
    <subfield code="9">25289</subfield>
  </datafield>
  <datafield tag="942" ind1=" " ind2=" ">
    <subfield code="2">lcc</subfield>
  </datafield>
  <datafield tag="952" ind1=" " ind2=" ">
    <subfield code="0">0</subfield>
    <subfield code="1">0</subfield>
    <subfield code="2">lcc</subfield>
    <subfield code="4">0</subfield>
    <subfield code="7">0</subfield>
    <subfield code="a">TBS</subfield>
    <subfield code="b">TBS</subfield>
    <subfield code="d">2025-05-21</subfield>
    <subfield code="l">0</subfield>
    <subfield code="o">TK9152.16 RAM</subfield>
    <subfield code="p">B05815</subfield>
    <subfield code="r">2025-05-21</subfield>
    <subfield code="t">1</subfield>
    <subfield code="w">2025-05-21</subfield>
    <subfield code="y">1</subfield>
  </datafield>
  <datafield tag="999" ind1=" " ind2=" ">
    <subfield code="c">4690</subfield>
    <subfield code="d">4690</subfield>
  </datafield>
</record>
